Веб-квесты как одна из эффективных форм организации самостоятельной работы; Уровневая подготовка специалистов: государственные и международные стандарты инженерного образования

Manylion Llyfryddiaeth
Parent link:Уровневая подготовка специалистов: государственные и международные стандарты инженерного образования.— 2012.— [С. 147-148]
Prif Awdur: Халтурина О. В. Ольга Владимировна
Crynodeb:Заглавие с экрана
Iaith:Rwseg
Cyhoeddwyd: 2012
Cyfres:Роль личностно-ориентированной образовательной среды в формировании специалиста: организация самостоятельной работы студентов, академическая и социальная активность студента
Pynciau:
Mynediad Ar-lein:http://www.lib.tpu.ru/fulltext/c/2012/C09/064.pdf
Fformat: Electronig Pennod Llyfr
KOHA link:https://koha.lib.tpu.ru/cgi-bin/koha/opac-detail.pl?biblionumber=230966

MARC

LEADER 00000nla2a2200000 4500
001 230966
005 20231031202631.0
035 |a (RuTPU)RU\TPU\book\251981 
035 |a RU\TPU\book\251975 
090 |a 230966 
100 |a 20130128d2012 k y0rusy50 ca 
101 0 |a rus 
102 |a RU 
105 |a y z 101zy 
181 0 |a i  
182 0 |a b 
200 1 |a Веб-квесты как одна из эффективных форм организации самостоятельной работы  |b Электронный ресурс  |f О. В. Халтурина 
203 |a Текст  |c электронный 
225 1 |a Роль личностно-ориентированной образовательной среды в формировании специалиста: организация самостоятельной работы студентов, академическая и социальная активность студента 
230 |a 1 компьютерный файл (pdf; 443 Кб) 
300 |a Заглавие с экрана 
320 |a [Библиогр.: с. 148 (4 назв.)] 
337 |a Adobe Reader 
463 1 |0 (RuTPU)RU\TPU\book\240708  |t Уровневая подготовка специалистов: государственные и международные стандарты инженерного образования  |o сборник трудов научно-методической конференции, 3-6 апреля 2012 г.  |f Национальный исследовательский Томский политехнический университет (ТПУ)  |v [С. 147-148]  |d 2012 
610 1 |a труды учёных ТПУ 
610 1 |a электронный ресурс 
610 1 |a иностранные языки 
610 1 |a веб-квесты 
610 1 |a самостоятельная работа 
610 1 |a учебные задания 
700 1 |a Халтурина  |b О. В.  |c лингвист  |c преподаватель Томского политехнического университета  |g Ольга Владимировна  |2 stltpush  |3 (RuTPU)RU\TPU\pers\29354 
801 2 |a RU  |b 63413507  |c 20130201  |g RCR 
856 4 |u http://www.lib.tpu.ru/fulltext/c/2012/C09/064.pdf 
942 |c CF